Anatomia e morfologia externa das plantas superiores (Registo nº 200121)

Detalhes MARC
000 -Etiqueta do registo
Valores 00844nam 22002533 4500
010 ## - Número ISBN
ISBN 972-757-161-1
021 ## - Número do Depósito Legal
Código do país Portugal
100 ## - Dados gerais de processamento
Dados gerais 20260122d u||y0pory50 ba
200 ## - Titulo e menção de responsabilidade
Título próprio Anatomia e morfologia externa das plantas superiores
Primeira menção de responsabilidade Fernando José Cebola Lidon, Hélio Parreira Gomes
Outras menções de responsabilidade fotografia António Campos S. Abrantes
210 ## - Publicação
Local de publicação Lisboa
Nome do editor Lidel
Data de publicação D.L. 2003
215 ## - Descrição física 
Paginação / Volumes XVI, [1], 148 p. :
Outras indicações físicas il., fot. ; brochado
Dimensões 24 cm
606 ## - Nome comum usado como assunto
ID Autoridade 869
Palavra de ordem Botânica
610 ## - Termos não controlados
Palavra de ordem Morfologia das plantas
610 ## - Termos não controlados
Palavra de ordem Anatomia das plantas
675 ## - CDU
Notação 581.4
Edição PT
Língua por
675 ## - CDU
Notação 582.4
Edição PT
Língua por
700 ## - Autor principal (pessoa individual)
ID Autoridade 13621
Apelido Lidon
Nome Fernando José Cebola
Datas 1957-
701 ## - Co-autor principal (pessoa individual)
ID Autoridade 15933
Apelido Gomes
Nome Hélio Parreira
702 ## - Autor secundário (pessoa individual)
ID Autoridade 15934
Apelido Abrantes
Nome António Campos S.
801 ## - Fonte de origem
País PT
Agência BMMN
Regras de catalogação RPC
830 ## - Notas gerais do catalogador
Criado por Ana
Indexado por Ana
990 ## - Elementos KOHA
Tipo de documento Livro
Exemplares
Situação do levantamento Biblioteca de origem Código de barras Cota Permissão de empréstimo Tipo de documento Forma de aquisição
  Biblioteca Municipal de Montemor-o-Novo 29209 58 LIN|DEP   Livro Compra

Powered by Koha